00706nam a2200169 a 450000100100000000500170001000800410002704000250006808200290009311000980012224000190022024501060023926000690034530000210041465000590043565100420049400004898120250607073643.0091207s2001 dr 000 0 spa d aDO-SdBNPbspacBNPHU a344. 729304bR426L, 20011 aRepública Dominicana. b Secretaria de Estado de Salud Pública y Asistencia Social (2001)13a[ Leyes, etc.]10aLey general de salud No. 42-01 :bdel 21 de febrero del año 2001 promulgada el 8 de marzo del 2001. aSanto Domingo :bEdiciones Jurídicas Trajano Potentini,c2001. a130 p. ;c21 cm. 4aSalud públicaxLegislaciónzRepública Dominicana 4aRepública DominicanaxLey No. 42-01